00846nam a2200205 i 4500001000700000003000900007005001700016007000300033008004100036080002000077245016700097260003600264300003500300490007700335600005000412700001700462700001800479830007700497852006600574104886ES-MaACL20230906183721.0t|060522s1959 ne |||| | fre d a1 Bayle, Pierre00aPierre Bayle b: le philosophe de Rotterdam / cetudes et documents publiés sous la direction de Paul Dibon ; avec la collaboration de R.H. Popkin ... [et al.]. aAmsterdam : bElsevier, c1959. aXIX, 255 p. : bil. ; c24 cm.1 aPublications de l'Institut Français d'Amsterdam. Maison Descartes ;v314aBayle, Pierre-xCrítica e interpretación.1 aDibon, Paul.1 aPopkin, R. H.0 aPublications de l'Institut Français d'Amsterdam. Maison Descartes ;v3 aES-MaACLjE-11205 z. - Biblioteca Jacinto Martínez Lacalle